[Event "St Petersburg Autumn op"]
[Site "St Petersburg"]
[Date "2005.10.29"]
[Round "1"]
[White "Pankov, German"]
[Black "Kostrov, Yaroslav"]
[Result "1-0"]
[WhiteElo "2270"]
[BlackElo "2023"]
[PlyCount "51"]
[EventDate "2005.10.29"]
[EventType "swiss"]
[EventRounds "9"]
[EventCountry "RUS"]
[SourceTitle "EXT 2006"]
[Source "ChessBase"]
[SourceDate "2005.11.24"]
[SourceVersion "1"]
[SourceVersionDate "2005.11.24"]
[SourceQuality "1"]

1. d4 d5 2. c4 e6 3. Nc3 Nf6 4. Nf3 Be7 5. Bf4 0-0 6. e3 b6 7. cxd5 Nxd5 8. Nxd5 exd5 9. Bd3 c5 10. 0-0 Be6 11. Ne5 cxd4 12. exd4 Bf6 13. Rc1 Bxe5 14. dxe5 Nd7 15. Qh5 f5 16. exf6 Nxf6 17. Qe5 Bf7 18. Rc7 Re8 19. Qd4 Re7 20. Rfc1 Rxc7 21. Rxc7 Ne8 22. Bxh7+ Kxh7 23. Rxf7 Nf6 24. Qd3+ Kg8 25. Qg6 Nh5 26. Be5 1-0